| 000 | 00685nam a22001937a 4500 | ||
|---|---|---|---|
| 005 | 20251108165241.0 | ||
| 008 | 250721s1974 xx 000 0 ara d | ||
| 082 | 1 | 4 | _a956.4004/شعب |
| 100 | 1 |
_aمرقص، إلياس _eترجمة وتعليق |
|
| 245 | 1 | 0 |
_aالشعب الفلسطيني : _bاللاساميه ؛ الصهيونيه ؛ اليهوديه ؛ العنصريه المضادة للعرب و . . . ومحاكمة الغرب / |
| 264 | 1 |
_aبيروت : _bدار الحقيقه، _c1974. |
|
| 300 | _a323ص | ||
| 650 | 1 | 7 | _aفلسطين |
| 650 | 1 | 7 | _aالتاريخ |
| 650 | 1 | 7 | _aالمحاضرات |
| 710 | 2 | _aكتاب يهود | |
| 942 |
_2ddc _cBK |
||
| 999 |
_c23237 _d23237 |
||